UBT Library

A textbook of clinical pathology. (Record no. 42875)

000 -LEADER
fixed length control field 00625cam a22002411 4500
001 - CONTROL NUMBER
control field 8893952
005 - DATE AND TIME OF LATEST TRANSACTION
control field 20180220034321.0
008 - FIXED-LENGTH DATA ELEMENTS--GENERAL INFORMATION
fixed length control field 760323s1960 maua b 000 0 eng
010 ## - LIBRARY OF CONGRESS CONTROL NUMBER
LC control number 60010066
015 ## - NATIONAL BIBLIOGRAPHY NUMBER
National bibliography number GB61-6252
035 ## - SYSTEM CONTROL NUMBER
System control number (OCoLC)2063123
040 ## - CATALOGING SOURCE
Original cataloging agency DLC
Transcribing agency OTMC
Modifying agency OCoLC
-- Uk
-- DLC
041 ## - LANGUAGE CODE
Language code of text/sound track or separate title eng
080 ## - UNIVERSAL DECIMAL CLASSIFICATION NUMBER
Universal Decimal Classification number 616
082 ## - DEWEY DECIMAL CLASSIFICATION NUMBER
Edition number 616 MIL
100 ## - Rafti
Rafti 9
101 ## - Shkurtesa
Shkurtesa PAT
245 02 - TITLE STATEMENT
Title A textbook of clinical pathology.
Statement of responsibility, etc Edited by Seward F. Miller.
504 ## - BIBLIOGRAPHY, ETC. NOTE
Bibliography, etc Includes bibliographies.
740 0# - ADDED ENTRY--UNCONTROLLED RELATED/ANALYTICAL TITLE
Uncontrolled related/analytical title Clinical pathology.
906 ## - LOCAL DATA ELEMENT F, LDF (RLIN)
a 7
b cbc
c oclcrpl
d u
e ncip
f 19
g y-gencatlg
942 ## - ADDED ENTRY ELEMENTS (KOHA)
Source of classification or shelving scheme
Item type Books
Holdings
Withdrawn status Lost status Source of classification or shelving scheme Damaged status Not for loan Collection code Permanent location Current location Shelving location Date acquired Total Checkouts Full call number Barcode Date last seen Price effective from Koha item type
          Koleksioni i përgjithshem UBT - Lipjan UBT - Lipjan Koleksioni i përgjithshem 02/20/2018   616 MIL 002-2998862 02/20/2018 02/20/2018 Books
UBT Library © 2015-2024. All rights reserved University Education for Business and Technology